000 00824nam a22001935i 4500
001 158521
003 ES-MaACL
005 20230906211200.0
008 990121s18561861fr |||| | fre d
040 _aAN
_bspa
_cAN
100 0 _aMaimónides.
_975588
245 1 3 _aLe Guide des égarés
_b: traité de théologie et de philosophie /
_cpar Moïse Ben Maimoun dit Maïmonide; traduit ... par S. Munk.
260 _aParis :
_bchez A. Franck,
_c1856.
300 _a2 v. ;
_c28 cm.
546 _aTexto en francés y árabe con caracteres hebreos.
597 _aAntep.
852 _aES-MaACL
_jC-110-12
_z-- Enc. hol.
_x-- Edic.: T.I fechado en 1856, t.II en 1861 y t.III en 1866 -- Imp. de t.I es Imprimerie de Guiraudet et Jouaust, del t.II Imprimerie de Ch. Jouaust, y t.III Imprimerie de Jouaust
999 _c158521
_d158521